000 00975cam a22002654a 4500
001 15353482
005 20250222172740.0
008 080701s2009 paua b 001 0 eng
020 _a9780781787222 (cloth : alk. paper)
020 _a078178722X (cloth : alk. paper)
050 0 0 _aRG951
_b.R53 2009
082 0 0 _a618.2/0231
_222
100 1 _aRicci, Susan Scott.
245 1 0 _aEssentials of maternity, newborn, & women's health nursing /
_cSusan Scott Ricci.
250 _a2nd ed.
260 _aPhiladelphia :
_bWolters Kluwer Health/Lippincott Williams & Wilkins,
_cc2009.
300 _axxix, 860 p. :
_bcol. ill. ;
_c29 cm. +
_e1 CD-ROM (4 3/4 in.)
650 0 _aMaternity nursing.
650 0 _aGynecologic nursing.
650 1 2 _aMaternal-Child Nursing.
650 2 2 _aObstetrical Nursing.
650 2 2 _aPregnancy Complications
_xnursing.
856 4 1 _3Table of contents only
_uhttp://www.loc.gov/catdir/toc/ecip0822/2008029332.html
942 _2lcc
_cBK
_e2nd ed.
_n0
999 _c4147
_d4147